Manual de psicología clínica infantil y del adolescente: trastornos específicos
Kaydedildi:
| Asıl Yazarlar: | , |
|---|---|
| Materyal Türü: | Kitap |
| Dil: | İspanyolca |
| Baskı/Yayın Bilgisi: |
Madrid
Pirámide
2002
|
| Seri Bilgileri: | Colección Psicología
|
| Konular: | |
| Etiketler: |
Etiketle
Etiket eklenmemiş, İlk siz ekleyin!
|
MARC
| LEADER | 00000nam a2200000 a 4500 | ||
|---|---|---|---|
| 001 | UCM4156 | ||
| 003 | CL-VaPUC | ||
| 008 | 020802e20020000SP |||||||||||||||||spa|d | ||
| 082 | 0 | 4 | |a 616.89 |b CAB |2 21 |
| 100 | 0 | |a Caballo, Vicente E |e author |9 470694 | |
| 700 | 0 | |a Simón, Miguel Angel |e author |9 470695 | |
| 245 | 1 | 0 | |a Manual de psicología clínica infantil y del adolescente: trastornos específicos |
| 300 | |a 460 p | ||
| 942 | |c BK | ||
| 945 | |d 20020802 00:00:00 |a cmena | ||
| 260 | |a Madrid |b Pirámide |c 2002 | ||
| 650 | 0 | |a Psicología clínica |9 307259 | |
| 650 | 0 | |a Psicología del niño |9 307305 | |
| 650 | 0 | |a Trastornos del comportamiento |9 311363 | |
| 650 | 7 | |a PSICOTERAPIA |2 CL-VaPUC |9 470696 | |
| 650 | 7 | |a ENURESIS |2 CL-VaPUC |9 342183 | |
| 650 | 7 | |a TRASTORNOS DIGESTIVOS |2 CL-VaPUC |9 407876 | |
| 650 | 7 | |a ENCOPRESIS |2 CL-VaPUC |9 470697 | |
| 650 | 0 | |a Trastornos del aprendizaje |9 307969 | |
| 650 | 0 | |a Trastornos del lenguaje |9 336278 | |
| 650 | 0 | |a Lenguaje hablado |9 339599 | |
| 650 | 7 | |a TIMIDEZ |2 CL-VaPUC |9 470698 | |
| 650 | 0 | |a Autismo |9 307911 | |
| 650 | 0 | |a Trastornos de la personalidad |9 307698 | |
| 650 | 0 | |a Psicoterapia familiar |9 310747 | |
| 650 | 0 | |a Psicología del adolescente |9 307864 | |
| 583 | |a last modification |c 20020802 00:00:00 |k Rodrigo Vera | ||
| 490 | 0 | |a Colección Psicología | |
| 999 | |c 301016 |d 301014 | ||
| 952 | |0 0 |1 0 |4 0 |6 616_890000000000000_CAB_2002 |7 0 |8 A |9 359544 |a BIBEDU |b BIBEDU |c ES_NOD |d 2019-11-21 |i 3832848 |o 616.89 CAB 2002 |p 3832848 |r 2023-08-09 |w 2019-11-21 |y BK |k PSI | ||